Central Library OPAC University of Rajshahi

Information Science : (Record no. 826)

MARC details
000 -LEADER
fixed length control field 00645nam a22002297a 4500
001 - CONTROL NUMBER
control field 826
003 - CONTROL NUMBER IDENTIFIER
rucl marc code BD-RjUL
005 - DATE AND TIME OF LATEST TRANSACTION
control field 20211208233233.0
008 - FIXED-LENGTH DATA ELEMENTS--GENERAL INFORMATION
fixed length control field 131123r19931986ii |||| |||| 001 0 eng d
020 ## - INTERNATIONAL STANDARD BOOK NUMBER
International Standard Book Number 8120714733
035 ## - SYSTEM CONTROL NUMBER
System control number (BD-RjUL)846
040 ## - CATALOGING SOURCE
Original cataloging agency BD-RjUL
Language of cataloging eng
Transcribing agency BD-RjUL
041 ## - LANGUAGE CODE
Language code of text/sound track or separate title eng
082 04 - DEWEY DECIMAL CLASSIFICATION NUMBER
Edition number 19
Classification number 020.71025
Author mark and year BOI 1993
100 1# - MAIN ENTRY--PERSONAL NAME
Personal name Bose, H.
9 (RLIN) 2461
245 1# - TITLE STATEMENT
Title Information Science :
Remainder of title Principles and Practice /
Statement of responsibility, etc. H. Bose
250 ## - EDITION STATEMENT
Edition statement 2nd. Rev and Enl. ed.
260 ## - PUBLICATION, DISTRIBUTION, ETC. (IMPRINT)
Place of publication, distribution, etc. Delhi :
Name of publisher, distributor, etc. Sterling Publishers Private Ltd.,
Date of publication, distribution, etc. c1993.
300 ## - PHYSICAL DESCRIPTION
Pagination xiii,199p. ;
Size 21 cm.
650 07 - SUBJECT ADDED ENTRY--TOPICAL TERM
Source of heading or term SLSH
Topical term or geographic name as entry element Information science
9 (RLIN) 2462
942 ## - ADDED ENTRY ELEMENTS (KOHA)
Source of classification or shelving scheme Dewey Decimal Classification
Koha item type Books
Holdings
Lost status Source of classification or shelving scheme Damaged status Not for loan Collection code Permanent Location Current Location Shelving location Date acquired Source of acquisition Cost, normal purchase price Total Checkouts Full call number Date last seen Copy number Koha item type
  Dewey Decimal Classification   Not For Loan Non-fiction Central Library, University of Rajshahi Central Library, University of Rajshahi Reading Room 26/06/1997 Paragon Ent. 65.00   020.71025 BOI 1993 23/11/2013 C-1 Books